书目信息 |
| 题名: |
开方乘方便查表
|
|
| 作者: | ||
| 分册: | ||
| 出版信息: | 上海 上海科学技术出版社 1958 |
|
| 页数: | 205页 | |
| 开本: | 20cm | |
| 丛书名: | ||
| 单 册: | ||
| 中图分类: | O1-64 | |
| 科图分类: | ||
| 主题词: | 数学 | |
| 电子资源: | ||
| ISBN: | ||
| 000 | 00515nam0 2200205 450 | |
| 001 | 0654796874 | |
| 005 | 20060727151732.01 | |
| 010 | @dCNY0.78 | |
| 100 | @a20060727d1958 km y0chiy0120 ea | |
| 101 | 0 | @achi |
| 102 | @aCN@b310000 | |
| 200 | 1 | @a开方乘方便查表@Akai fang cheng fang bian cha biao@e1-10000 |
| 205 | @a新1版 | |
| 210 | @a上海@c上海科学技术出版社@d1958 | |
| 215 | @a205页@d20cm | |
| 517 | 1 | @a1-10000 |
| 606 | 0 | @a数学 |
| 690 | @aO1-64@v3 | |
| 801 | 0 | @aCN@bPFT@c20060727 |
| 905 | @a10447@dO1-64@e277=2 | |
| 开方乘方便查表:1-10000.-新1版.-上海:上海科学技术出版社,1958 |
| 205页;20cm |
| ISBN :CNY0.78 |
| ● |
| 相关链接 |
|
|
|
|
正题名:开方乘方便查表
索取号:O1-64/277=2
 
预约/预借
| 序号 | 登录号 | 条形码 | 馆藏地/架位号 | 状态 | 备注 |
| 1 | 0442432 | 204424328 | 密集书库/ [索取号:O1-64/277=2] | 在馆 |